al-Sadd al-ʻĀlī. (Record no. 46672)
[ view plain ]
| 000 -LEADER | |
|---|---|
| fixed length control field | 00568cam a22002171 4500 |
| 001 - CONTROL NUMBER | |
| control field | ne 64000312 |
| 003 - CONTROL NUMBER IDENTIFIER | |
| control field | DLC |
| 005 - DATE AND TIME OF LATEST TRANSACTION | |
| control field | 20260227111755.0 |
| 008 - FIXED-LENGTH DATA ELEMENTS--GENERAL INFORMATION | |
| fixed length control field | 890613s1962 xx a 000 0 ara |
| 010 ## - LIBRARY OF CONGRESS CONTROL NUMBER | |
| LC control number | ne 64000312 |
| 035 ## - SYSTEM CONTROL NUMBER | |
| System control number | (OCoLC)23516112 |
| 040 ## - CATALOGING SOURCE | |
| Original cataloging agency | DLC |
| Transcribing agency | MiU |
| Modifying agency | DLC |
| 042 ## - AUTHENTICATION CODE | |
| Authentication code | premarc |
| 050 00 - LIBRARY OF CONGRESS CALL NUMBER | |
| Classification number | TC558.E5 |
| Item number | A85 |
| 110 1# - MAIN ENTRY--CORPORATE NAME | |
| Corporate name or jurisdiction name as entry element | United Arab Republic. |
| Subordinate unit | Maṣlaḥat al-Istiʻlāmāt. |
| 245 13 - TITLE STATEMENT | |
| Title | al-Sadd al-ʻĀlī. |
| 260 ## - PUBLICATION, DISTRIBUTION, ETC. | |
| Date of publication, distribution, etc. | [1962] |
| 300 ## - PHYSICAL DESCRIPTION | |
| Extent | 23 p. |
| Other physical details | illus. (part col.) |
| Dimensions | 24 cm. |
| 500 ## - GENERAL NOTE | |
| General note | Romanized. |
| 651 #0 - SUBJECT ADDED ENTRY--GEOGRAPHIC NAME | |
| Geographic name | Aswan High Dam (Egypt) |
No items available.